01001nas a2200241Ia 4500001001100000003000900011008004100020040001300061040001300074041001300087100003800100210002100138222002100159245009500180250001100275260003600286501008600322300001000408310001200418362003300430500026000463650003600723R022/43097IT-RoPAU151124c99999999xx |||||||||||| ||und|| aIT-RoPAU cIT-RoPAU aITALIANO aAA.VV. gCodice Aut. SPICS: 12000 aINFORMAZIONI MCS aInformazioni Mcs aINFORMAZIONI MCS, ANNO 28-N.04 (APRILE 1985)bInformazioni Mcs, Anno 28-N.04 (Aprile 1985) a1a ed. aVICENZAbINFORMAZIONI MCSc1985 bPaulus - SPICS - Società San Paolo EM (non-commercial uses only)cCopyright2015 a28 p. aMENSILE aANNO 028, N.04 (APRILE 1985) aGhostbusters-Di-Ivan-Reitman La-Neve-Nel-Bicchiere-Di-F.-Vancini Oltre-Le-Sbarre-Di-Uri-Barbash Cotton-Club-Di-Francis-Coppola Il-Quarto-Uomo-Di-Paul-Verhoeven. Segnalazioni di Videocassette. Sala Strumento di Riconciliazione. Retorica Illusione Circa i M aCINEMAvPUBBLICAZIONE PERIODICA